| 000 | 00928nam a2200277Ia 4500 | ||
|---|---|---|---|
| 003 | GCL | ||
| 008 | 140319s9999 xx 000 0 ara d | ||
| 040 |
_aGCL / _cGCL |
||
| 082 | 0 | 4 |
_aق _b320.12 _bي ط |
| 100 | 1 | _aيونان لبيب رزق | |
| 245 | 1 | 0 |
_aطابا : _bقضية العصر / _cيونان لبيب رزق |
| 260 |
_aالقاهرة : _bمركز الاهرام للترجمة والنشر ، _c1989 |
||
| 300 |
_a374 ص ؛ _c24 سم |
||
| 490 | _a | ||
| 650 | 0 | 4 | _aمصر |
| 650 | 0 | 4 | _aالاتفاقيات الدولية |
| 650 | 0 | 4 | _aالقانون الدولى |
| 650 | 0 | 4 | _aاسرائيل |
| 650 | 0 | 4 | _aتركيا |
| 650 | 0 | 4 | _aالحدود السياسية |
| 650 | 0 | 4 | _aالحدود الدولية |
| 650 | 0 | 4 | _aسيناء |
| 650 | 0 | 4 | _aالاحتلال الاسرائيلى |
| 650 | 0 | 4 | _aمصر - تاريخ - العصر الحديث - حسنى مبارك ( 1981 - ) |
| 942 |
_2ddc _cBK |
||
| 999 |
_c31130 _d31130 |
||